| 000 -LEADER |
| fixed length control field |
00313nam a2200109Ia 4500 |
| 008 - FIXED-LENGTH DATA ELEMENTS--GENERAL INFORMATION |
| fixed length control field |
201223s9999 xx 000 0 und d |
| 100 ## - MAIN ENTRY--PERSONAL NAME |
| Personal name |
Mallick, Ross |
| 245 #0 - TITLE STATEMENT |
| Title |
Development Policy of a Communist Government : West Bengal Since 1977 |
| 260 ## - PUBLICATION, DISTRIBUTION, ETC. |
| Place of publication, distribution, etc. |
Cambridge |
| Name of publisher, distributor, etc. |
Cambridge University Press |
| 300 ## - PHYSICAL DESCRIPTION |
| Extent |
0 |
| 942 ## - ADDED ENTRY ELEMENTS (KOHA) |
| Koha item type |
Books |